000 00281nam a22001337a 4500
008 171101b xxu||||| |||| 00| 0 eng d
020 _a9780073341149
041 _aeng
080 _a33
100 _a59
101 _aBUS
245 _aBUSINESS LAW
_cBROWN.G.W
942 _2udc
_cBK
999 _c36967
_d36967